| 000 | 00670nam a2200217 a 4500 | ||
|---|---|---|---|
| 001 | 50239 | ||
| 003 | BD-RjUL | ||
| 005 | 20211209075459.0 | ||
| 008 | 160824s19271912enk b 001 0 eng d | ||
| 035 | _a(BD-RjUL)50359 | ||
| 040 |
_aBD-RjUL _beng _cBD-RjUL _dBD-RjUL |
||
| 041 | _aeng | ||
| 082 |
_a420 _bSME 1927 |
||
| 100 | 1 |
_aSmith, Logan Pearsall, _d1865-1946. _9150573 |
|
| 245 | 1 | 4 |
_aThe English language / _cLogan Pearsall Smith |
| 260 |
_aWilliams and Norgate Ltd. : _bLondon, _c1912 [Reprinted 1927] |
||
| 300 |
_a256 p. ; _c17 cm. |
||
| 650 | 0 |
_aEnglish language _9150574 |
|
| 830 | 0 |
_aHome university library of modern knowledge. _9125380 |
|
| 942 |
_2ddc _cBK |
||
| 999 |
_c50239 _d50239 |
||